Introduȯ̂ ̉Ética e Responsabilidade Social. Administraȯ̂ e Cin̊cias Contb̀eis

Detalles Bibliográficos
Autor principal: Leandro Maia, Paulo
Formato: Libro
Lenguaje:portugués
Publicado: Brasil LEUD 2007
Materias:
Acceso en línea:Acceso restringido

MARC

LEADER 00000nam a22000007a 4500
005 20160413123421.0
007 cr|||| ||u|
008 160413s2007 bl ||||| |||| 00||0 por d
020 |a 978-85-7456-224-7 
035 |a 14100 
040 |a vLex  
090 |c 5981  |d 5981 
100 1 |a Leandro Maia, Paulo 
245 1 0 |a Introduȯ̂ ̉Ética e Responsabilidade Social. Administraȯ̂ e Cin̊cias Contb̀eis  |h [Recurso electrn̤ico] /  |c Paulo Leandro Maia 
256 |a Servicio en ln̕ea  
260 |a Brasil   |b LEUD  |c 2007 
300 |a 1 recurso electrn̤ico  
506 1 |a Contenido solo disponible en los productos indicados   |d vLex Global  |d vLex Global (Academic Edition, excluding Law Schools)  |d vLex Global (U.S. Academic Edition, Law Schools)  |d vLex Global (U.S. Academic Edition, excluding Law Schools)  |d vLex Global (Academic Edition, Law Schools) 
650 0 4 |a Derecho   |z Brasil  
740 0 |a vLex libros (servicio en ln̕ea)  
856 4 0 |u http://vlex.com/source/introdu-o-etica-responsabilidade-social-14100  |z Acceso restringido  
942 |c BOOK 
999 0 |a Law  |b Brasil